<?xml version="1.0" encoding="UTF-8"?>
<collection xmlns="http://www.loc.gov/MARC21/slim">
 <record>
  <leader>03700nas a2200445   4500</leader>
  <controlfield tag="001">1/50450</controlfield>
  <controlfield tag="008">060301s20059999gr mrzp       0   a0gre d</controlfield>
  <datafield tag="022" ind1=" " ind2=" ">
   <subfield code="a">1790-3726</subfield>
  </datafield>
  <datafield tag="035" ind1=" " ind2=" ">
   <subfield code="l">31845</subfield>
  </datafield>
  <datafield tag="040" ind1=" " ind2=" ">
   <subfield code="a">GR-PeUP</subfield>
  </datafield>
  <datafield tag="090" ind1=" " ind2=" ">
   <subfield code="a">Αλφαβητική σειρά</subfield>
  </datafield>
  <datafield tag="245" ind1="0" ind2="0">
   <subfield code="a">Discovery &amp; science</subfield>
  </datafield>
  <datafield tag="260" ind1=" " ind2=" ">
   <subfield code="a">Αθήνα :</subfield>
   <subfield code="b">Δημοσιογραφικός Οργανισμός Λαμπράκη,</subfield>
   <subfield code="c">2005-</subfield>
  </datafield>
  <datafield tag="300" ind1=" " ind2=" ">
   <subfield code="a">τ. :</subfield>
   <subfield code="b">εικ. ;</subfield>
   <subfield code="c">23 εκ.</subfield>
  </datafield>
  <datafield tag="310" ind1=" " ind2=" ">
   <subfield code="a">Μηνιαίο</subfield>
  </datafield>
  <datafield tag="362" ind1="0" ind2=" ">
   <subfield code="a">Τχ.4(Σεπτέμβριος 2005)-</subfield>
  </datafield>
  <datafield tag="546" ind1=" " ind2=" ">
   <subfield code="a">Ελληνική</subfield>
  </datafield>
  <datafield tag="650" ind1=" " ind2="4">
   <subfield code="a">Τεχνολογία</subfield>
   <subfield code="v">Περιοδικά.</subfield>
  </datafield>
  <datafield tag="650" ind1=" " ind2="4">
   <subfield code="a">Επιστημονική έρευνα</subfield>
   <subfield code="v">Περιοδικά.</subfield>
  </datafield>
  <datafield tag="852" ind1=" " ind2=" ">
   <subfield code="a">INST</subfield>
   <subfield code="b">UNIPILB</subfield>
   <subfield code="c">SERIALS</subfield>
   <subfield code="e">20060313</subfield>
   <subfield code="h">Αλφαβητική σειρά</subfield>
   <subfield code="p">50764</subfield>
   <subfield code="q">50764</subfield>
   <subfield code="t">NOLOAN</subfield>
   <subfield code="v">τεύχ.4:(Μήνας)Σεπτέμβριος;(Έτος)2005</subfield>
   <subfield code="y">23</subfield>
  </datafield>
  <datafield tag="852" ind1=" " ind2=" ">
   <subfield code="a">INST</subfield>
   <subfield code="b">UNIPILB</subfield>
   <subfield code="c">SERIALS</subfield>
   <subfield code="e">20060313</subfield>
   <subfield code="h">Αλφαβητική σειρά</subfield>
   <subfield code="p">50765</subfield>
   <subfield code="q">50765</subfield>
   <subfield code="t">NOLOAN</subfield>
   <subfield code="v">τεύχ.5:(Μήνας)Οκτώβριος;(Έτος)2005</subfield>
   <subfield code="y">23</subfield>
  </datafield>
  <datafield tag="852" ind1=" " ind2=" ">
   <subfield code="a">INST</subfield>
   <subfield code="b">UNIPILB</subfield>
   <subfield code="c">SERIALS</subfield>
   <subfield code="e">20060313</subfield>
   <subfield code="h">Αλφαβητική σειρά</subfield>
   <subfield code="p">50766</subfield>
   <subfield code="q">50766</subfield>
   <subfield code="t">NOLOAN</subfield>
   <subfield code="v">τεύχ.6:(Μήνας)Νοέμβριος;(Έτος)2005</subfield>
   <subfield code="y">23</subfield>
  </datafield>
  <datafield tag="852" ind1=" " ind2=" ">
   <subfield code="a">INST</subfield>
   <subfield code="b">UNIPILB</subfield>
   <subfield code="c">SERIALS</subfield>
   <subfield code="e">20060313</subfield>
   <subfield code="h">Αλφαβητική σειρά</subfield>
   <subfield code="p">50767</subfield>
   <subfield code="q">50767</subfield>
   <subfield code="t">NOLOAN</subfield>
   <subfield code="v">τεύχ.8:(Μήνας)Ιανουάριος;(Έτος)2006</subfield>
   <subfield code="y">23</subfield>
  </datafield>
  <datafield tag="852" ind1=" " ind2=" ">
   <subfield code="a">INST</subfield>
   <subfield code="b">UNIPILB</subfield>
   <subfield code="c">SERIALS</subfield>
   <subfield code="e">20060313</subfield>
   <subfield code="h">Αλφαβητική σειρά</subfield>
   <subfield code="p">50768</subfield>
   <subfield code="q">50768</subfield>
   <subfield code="t">NOLOAN</subfield>
   <subfield code="v">τεύχ.9:(Μήνας)Φεβρουάριος;(Έτος)2006</subfield>
   <subfield code="y">23</subfield>
  </datafield>
  <datafield tag="852" ind1=" " ind2=" ">
   <subfield code="a">INST</subfield>
   <subfield code="b">UNIPILB</subfield>
   <subfield code="c">SERIALS</subfield>
   <subfield code="e">20060313</subfield>
   <subfield code="h">Αλφαβητική σειρά</subfield>
   <subfield code="p">50769</subfield>
   <subfield code="q">50769</subfield>
   <subfield code="t">NOLOAN</subfield>
   <subfield code="v">τεύχ.10:(Μήνας)Μάρτιος;(Έτος)2006</subfield>
   <subfield code="y">23</subfield>
  </datafield>
  <datafield tag="852" ind1=" " ind2=" ">
   <subfield code="a">INST</subfield>
   <subfield code="b">UNIPILB</subfield>
   <subfield code="c">SERIALS</subfield>
   <subfield code="e">20060515</subfield>
   <subfield code="h">Αλφαβητική σειρά</subfield>
   <subfield code="p">51436</subfield>
   <subfield code="q">51436</subfield>
   <subfield code="t">NOLOAN</subfield>
   <subfield code="v">τεύχ.11:(Μήνας)Απρίλιος;(Έτος)2006</subfield>
   <subfield code="y">23</subfield>
  </datafield>
  <datafield tag="852" ind1=" " ind2=" ">
   <subfield code="a">INST</subfield>
   <subfield code="b">UNIPILB</subfield>
   <subfield code="c">SERIALS</subfield>
   <subfield code="e">20060519</subfield>
   <subfield code="h">Αλφαβητική σειρά</subfield>
   <subfield code="p">51623</subfield>
   <subfield code="q">51623</subfield>
   <subfield code="t">NOLOAN</subfield>
   <subfield code="v">τεύχ.13:(Μήνας)Ιούνιος;(Έτος)2006</subfield>
   <subfield code="y">23</subfield>
  </datafield>
  <datafield tag="852" ind1=" " ind2=" ">
   <subfield code="a">INST</subfield>
   <subfield code="b">UNIPILB</subfield>
   <subfield code="c">SERIALS</subfield>
   <subfield code="e">20060705</subfield>
   <subfield code="h">Αλφαβητική σειρά</subfield>
   <subfield code="p">51781</subfield>
   <subfield code="q">51781</subfield>
   <subfield code="t">NOLOAN</subfield>
   <subfield code="v">τεύχ.14:(Μήνας)Ιούλιος;(Έτος)2006</subfield>
   <subfield code="y">23</subfield>
  </datafield>
  <datafield tag="852" ind1=" " ind2=" ">
   <subfield code="a">INST</subfield>
   <subfield code="b">UNIPILB</subfield>
   <subfield code="c">SERIALS</subfield>
   <subfield code="e">20060714</subfield>
   <subfield code="h">Αλφαβητική σειρά</subfield>
   <subfield code="p">51981</subfield>
   <subfield code="q">51981</subfield>
   <subfield code="t">NOLOAN</subfield>
   <subfield code="v">τεύχ.15:(Μήνας)Αύγουστος;(Έτος)2006</subfield>
   <subfield code="y">23</subfield>
  </datafield>
  <datafield tag="852" ind1=" " ind2=" ">
   <subfield code="a">INST</subfield>
   <subfield code="b">UNIPILB</subfield>
   <subfield code="c">SERIALS</subfield>
   <subfield code="e">20061005</subfield>
   <subfield code="h">Αλφαβητική σειρά</subfield>
   <subfield code="p">53015</subfield>
   <subfield code="q">53015</subfield>
   <subfield code="t">NOLOAN</subfield>
   <subfield code="v">τεύχ.12:(Μήνας)Μάιος;(Έτος)2006</subfield>
   <subfield code="y">23</subfield>
  </datafield>
  <datafield tag="852" ind1=" " ind2=" ">
   <subfield code="a">INST</subfield>
   <subfield code="b">UNIPILB</subfield>
   <subfield code="c">SERIALS</subfield>
   <subfield code="e">20061005</subfield>
   <subfield code="h">Αλφαβητική σειρά</subfield>
   <subfield code="p">53016</subfield>
   <subfield code="q">53016</subfield>
   <subfield code="t">NOLOAN</subfield>
   <subfield code="v">τεύχ.16:(Μήνας)Σεπτέμβριος;(Έτος)2006</subfield>
   <subfield code="y">23</subfield>
  </datafield>
  <datafield tag="852" ind1=" " ind2=" ">
   <subfield code="a">INST</subfield>
   <subfield code="b">UNIPILB</subfield>
   <subfield code="c">SERIALS</subfield>
   <subfield code="e">20061005</subfield>
   <subfield code="h">Αλφαβητική σειρά</subfield>
   <subfield code="p">53017</subfield>
   <subfield code="q">53017</subfield>
   <subfield code="t">NOLOAN</subfield>
   <subfield code="v">τεύχ.17:(Μήνας)Οκτώβριος;(Έτος)2006</subfield>
   <subfield code="y">23</subfield>
  </datafield>
  <datafield tag="852" ind1=" " ind2=" ">
   <subfield code="a">INST</subfield>
   <subfield code="b">UNIPILB</subfield>
   <subfield code="c">SERIALS</subfield>
   <subfield code="e">20070117</subfield>
   <subfield code="h">Αλφαβητική σειρά</subfield>
   <subfield code="p">54111</subfield>
   <subfield code="q">54111</subfield>
   <subfield code="t">NOLOAN</subfield>
   <subfield code="v">τεύχ.18:(Μήνας)Νοέμβριος;(Έτος)2006</subfield>
   <subfield code="y">23</subfield>
  </datafield>
  <datafield tag="852" ind1=" " ind2=" ">
   <subfield code="a">INST</subfield>
   <subfield code="b">UNIPILB</subfield>
   <subfield code="c">SERIALS</subfield>
   <subfield code="e">20070117</subfield>
   <subfield code="h">Αλφαβητική σειρά</subfield>
   <subfield code="p">54112</subfield>
   <subfield code="q">54112</subfield>
   <subfield code="t">NOLOAN</subfield>
   <subfield code="v">τεύχ.19:(Μήνας)Δεκέμβριος;(Έτος)2006</subfield>
   <subfield code="y">23</subfield>
  </datafield>
  <datafield tag="856" ind1="4" ind2="1">
   <subfield code="u">http://www.discoveryscience.gr</subfield>
  </datafield>
  <datafield tag="900" ind1=" " ind2=" ">
   <subfield code="a">Τχ. 20 (Ιανουάριος 2007)</subfield>
   <subfield code="b">Οφειλόμενο</subfield>
   <subfield code="c">09/04/2007</subfield>
  </datafield>
  <datafield tag="900" ind1=" " ind2=" ">
   <subfield code="a">Τχ. 7 (Δεκέμβριος 2005)</subfield>
   <subfield code="b">Οφειλόμενο</subfield>
   <subfield code="c">12/03/2006</subfield>
  </datafield>
  <datafield tag="950" ind1=" " ind2=" ">
   <subfield code="a">01/09/2005</subfield>
   <subfield code="c">ΔΗΜΟΣΙΟΓΡΑΦΙΚΟΣ ΟΡΓΑΝΙΣΜΟΣ ΛΑΜΠΡΑΚΗ</subfield>
   <subfield code="d">650</subfield>
  </datafield>
  <datafield tag="951" ind1=" " ind2=" ">
   <subfield code="a">Τχ. 8 (Ιανουάριος 2006) - Τχ. 19 (Δεκέμβριος 2006)</subfield>
   <subfield code="b">Main run</subfield>
  </datafield>
  <datafield tag="951" ind1=" " ind2=" ">
   <subfield code="a">Τχ. 4 (Σεπτέμβριος 2005) - Τχ. 6 (Νοέμβριος 2005)</subfield>
   <subfield code="b">Main run</subfield>
  </datafield>
 </record>
</collection>
